Normal view
MARC view
- Lucas, Robert E.,
Entry Personal Name
001 - CONTROL NUMBER
- control field: 12227
003 - CONTROL NUMBER IDENTIFIER
- control field: NUST
005 - DATE AND TIME OF LATEST TRANSACTION
- control field: 20180802052402.0
008 - FIXED-LENGTH DATA ELEMENTS
- fixed length control field: 180802|| aca||aabn | a|a d
040 ## - CATALOGING SOURCE
- Original cataloging agency: NUST
- Transcribing agency: NUST
100 ## - HEADING--PERSONAL NAME
- Personal name: Lucas, Robert E.,
- Titles and other words associated with a name: Jr.
670 ## - SOURCE DATA FOUND
- Source citation: Work cat.: (NUST)0: Milton Friedman, Robert E. Lucas, Jr. and Edmund S. Phelps ., [2009]
